Édesburgonya gombakórokozói a dél-alföldi régióban [absztrakt] /

Elmentve itt :
Bibliográfiai részletek
Szerző: Koncz Kristóf
Testületi szerző: IX. Móra Kárpát-medencei Interdiszciplináris Szakkollégiumi Konferencia
Dokumentumtípus: Könyv része
Megjelent: Szegedi Tudományegyetem Móra Ferenc Szakkollégium Szeged 2025
Sorozat:Móra Kárpát-medencei Interdiszciplináris Szakkollégiumi Konferencia 9
Kulcsszavak:Mikológia - előadáskivonat
Tárgyszavak:
Online Access:http://acta.bibl.u-szeged.hu/89090
LEADER 00916naa a2200205 i 4500
001 acta89090
005 20251202153146.0
008 251202s2025 hu o 100 hun d
040 |a SZTE Egyetemi Kiadványok Repozitórium  |b hun 
041 |a hun 
100 1 |a Koncz Kristóf 
245 1 0 |a Édesburgonya gombakórokozói a dél-alföldi régióban   |h [elektronikus dokumentum] :  |b [absztrakt] /  |c  Koncz Kristóf 
260 |a Szegedi Tudományegyetem Móra Ferenc Szakkollégium  |b Szeged  |c 2025 
300 |a 64 
490 0 |a Móra Kárpát-medencei Interdiszciplináris Szakkollégiumi Konferencia  |v 9 
650 4 |a Természettudományok 
650 4 |a Biológiai tudományok 
695 |a Mikológia - előadáskivonat 
711 |a IX. Móra Kárpát-medencei Interdiszciplináris Szakkollégiumi Konferencia  |c Szeged  |d 2025. november 21-23. 
856 4 0 |u http://acta.bibl.u-szeged.hu/89090/1/morakonf_2025_064.pdf  |z Dokumentum-elérés